000 00388 a2200145 4500
001 170543
020 _a
040 _cMagnum
100 _aAgencia Regional de Noticias
240 1 0 _aClipping em educacao - 22/10/01 a 28/10/01 - ano iii - nº 109
_lpor
245 1 0 _aClipping em educacao - 22/10/01 a 28/10/01 - ano iii - nº 109
362 0 _a1899
697 _aENSINO
942 _cBK
999 _c170543
_d170543